Statistiques concernant Culture Générale - Série 1138

Cliquez ici pour prendre le quiz!

Statistiques générales

  • Ce quiz a été pris 50 fois
  • Le résultat moyen est 7 sur 10

Statistiques - réponses

QuestionRéponse% Correct
Quel nom de plante, désigne également le disque coloré de la partie antérieure de l'oeil ?iris
94%
Quel est l'infinitif du présent de l'indicatif "je clos" ?clore
94%
Au cirque, quel art manuel consiste à lancer et à rattraper avec adresse divers objets ?jonglerie
91%
Dans le film "Blanche-Neige et les 7 nains" de Disney, comment s'appelle le nain à l'air sévère qui ronchonne souvent ?Grincheux
91%
Comment appelle-ton l'anneau métallique qui pend de chaque côté de la selle et soutient le pied du cavalier ?étrier
83%
Dans un journal, le sigle N.D.L.R. signifie : "note de...La rédaction
79%
Quel pigment est responsable de la coloration verte des végétaux ?chlorophylle
64%
A Grenade, quel nom porte la résidence des anciens princes arabes, célèbre pour ses jardins ?L'Alhambra
60%
Sous quel nom connaît-on l'acteur fétiche de Marcel Pagnol, Jules Muraire ?Raimu
55%
A partir de 1954, qui a dirigé l'Olympia pendant 25 ans ?Bruno Coquatrix
38%

Distribution des résultats

Percentile par nombre de réponses

% des personnes avec chaque résultat

Votre développement - résultats

Vous n’avez pas pris ce quiz